000 00489nam a2200169 i 4500
001 72792
003 ES-MaACL
005 20230906171546.0
007 t|
008 040903s1967 sp ||||1| spa d
100 1 _aGoffi, Tullo.
_957586
245 1 3 _aLa nueva espiritualidad familiar /
_cT. Goffi ; [traductor, Juan Navarro Abad].
260 _aMadrid :
_bAtenas,
_c[1967]
300 _a190 p. ;
_c19 cm.
700 1 _aNavarro Abad, Juan.
_985089
852 _aES-MaACL
_jC-32903
_bR.63857
999 _c72792
_d72792